Principios de moral universal o Manual de los deberes del hombre, fundados en su naturaleza / (Record no. 155519)

MARC details
000 -LEADER
campo de control de longitud fija 00882nam a2200205 i 4500
001 - NÚMERO DE CONTROL
campo de control 155519
003 - IDENTIFICADOR DE NÚMERO DE CONTROL
campo de control ES-MaACL
005 - FECHA Y HORA DE LA ÚLTIMA TRANSACCIÓN
campo de control 20250901063129.0
008 - DATOS DE LONGITUD FIJA--INFORMACIÓN GENERAL
campo de control de longitud fija 040721s1837 sp |||| | spa d
040 ## - FUENTE DE CATALOGACIÓN
Centro catalogador/agencia de origen CAM
Lengua de catalogación spa
Centro/agencia transcriptor CAM
100 1# - ENTRADA PRINCIPAL--NOMBRE DE PERSONA
Nombre de persona Holbach, Paul Henri Dietrich,
Títulos y otros términos asociados al nombre baron d',
Fechas asociadas al nombre 1723-1789
9 (RLIN) 156990
245 10 - MENCIÓN DEL TÍTULO
Título Principios de moral universal o Manual de los deberes del hombre, fundados en su naturaleza /
Mención de responsabilidad, etc. obra póstuma del Baron de Holbach ; traducida por M.L.C.
246 33 - FORMA VARIANTE DEL TITULO
Título propio/Titulo breve Manual de los deberes del hombre fundados en su naturaleza
260 ## - PUBLICACIÓN, DISTRIBUCIÓN, ETC.
Lugar de publicación, distribución, etc. Madrid :
Nombre del editor, distribuidor, etc. [s.n.],
Fecha de publicación, distribución, etc. 1837 (
Fabricante Imp. del Patriota)
300 ## - DESCRIPCIÓN FÍSICA
Extensión 116 p. ;
Dimensiones 15 cm.
650 07 - PUNTO DE ACCESO ADICIONAL DE MATERIA--TÉRMINO DE MATERIA
Término de materia o nombre geográfico como elemento de entrada Ética
Fuente del encabezamiento o término embne
9 (RLIN) 12577
740 0# - ENTRADA AGREGADA--TÍTULO RELACIONADO/ANALÍTICO NO CONTROLADO
Título relacionado o analítico no controlado Manual de los deberes del hombre fundados en su naturaleza.
852 ## - LOCALIZACIÓN
Ubicación ES-MaACL
Número de control de estantería D-3883
Nota libre . - Enc. hol. deteriorada
-- . - Legado de Modesto de la Fuente
Holdings
Estatus retirado Estado de pérdida Estado de daño No para préstamo Colección Biblioteca de origen Biblioteca actual Ubicación en estantería Fecha de adquisición Fuente de adquisición Total de préstamos Signatura topográfica completa Código de barras Visto por última vez Precio de reemplazo Tipo de ítem Koha
        Libros del s. XIX Biblioteca del Ateneo de Madrid Biblioteca del Ateneo de Madrid Sala Valle Inclán 17/01/2008     D-3883 901162677 23/02/2023 23/02/2023 Libro impreso antiguo